| 000 | 01042nam a2200313 a 4500 | ||
|---|---|---|---|
| 001 | 000045003 | ||
| 003 | DO-SdBNP | ||
| 005 | 20240412074304.0 | ||
| 006 | a||||gr|||| 00| 0 | ||
| 007 | ta | ||
| 008 | 150128s2000 dr a r 000 p spa d | ||
| 020 | _z999340054X | ||
| 040 |
_aDO-SdBNP _bspa _cBNPHU _erda |
||
| 082 | 4 |
_aRD861.44 _bC355po _222 |
|
| 100 |
_aCastro, Tomás, _d1959- _924641 |
||
| 245 | 1 | 0 |
_aPoemas posbíblicos / _cTomás Castro Burdíez ; ilustraciones Dionisio Blanco. |
| 264 | 1 |
_aSanto Domingo : _bEL Pez Rojo, _c2000 |
|
| 300 |
_a157 páginas : _bilustraciones ; _c23 cm. |
||
| 336 |
_2rdacontent _atexto _btxt |
||
| 337 |
_2rdamedia _asin mediación _bn |
||
| 338 |
_2rdacarrier _avolumen _bnc |
||
| 500 | _aIncluye datos biográficos del autor en la solapa de la cubierta. | ||
| 590 | _aInventariado, 2023 / MF | ||
| 650 | 4 |
_aPoesía dominicana _966 |
|
| 650 | 0 |
_aLiteratura dominicana. _967 |
|
| 700 | 1 |
_aBlanco, Dionisio, _eilustraciones. _930794 |
|
| 910 | _aValidado. Control de calidad. MFF | ||
| 942 |
_2ddc _cLBS1 |
||
| 999 |
_c44492 _d44492 |
||